000 00577nam a2200241Ia 4500
003 OSt
005 20220912152045.0
006 a|||||r|||| 00| 0
007 ta
008 220909b |||||||| |||| 00| 0 eng d
024 _a60273
037 _cTextual
040 _aCSL
_beng
_cCSL
041 _aeng
082 _aL995, J3;2
100 _aMcfarland Ross A
245 0 _aHuman factors in air transportation
260 _c1953
300 _ap.
_ccm.
650 _aMedicine
942 _hL995, J3;2
_cTEXL
_2CC
999 _c80245
_d80245